000 00509nam a22001697a 4500
005 20251108172435.0
008 250721s9999 xx 000 0 ara d
082 1 4 _a812/أحم
100 1 _aأحمد، فوزي فهمي
245 1 0 _aالفارس و الأسيرة /
264 1 _aالقاهرة :
_bالهيئة المصرية العامة للكتاب،
300 _a191ص
650 1 7 _aالمسرحيات العربية
650 1 7 _aالأدب العربي
942 _2ddc
_cBK
999 _c79392
_d79392